[Event "Voronezh op-B 20th"]
[Site "Voronezh"]
[Date "2016.06.15"]
[Round "4"]
[White "Shipilov, Maksim"]
[Black "Ragimli, Deniz"]
[Result "1-0"]
[WhiteElo "1616"]
[BlackElo "1687"]
[PlyCount "45"]
[EventDate "2016.06.12"]
[EventType "swiss"]
[EventRounds "9"]
[EventCountry "RUS"]
[SourceTitle "EXT 2017"]
[Source "ChessBase"]
[SourceDate "2016.10.25"]
[SourceVersion "1"]
[SourceVersionDate "2016.10.25"]
[SourceQuality "1"]

1. d4 d5 2. Nf3 Nc6 3. c4 Bf5 4. cxd5 Qxd5 5. Nc3 Qd7 6. e3 Nf6 7. Bb5 e6 8. Ne5 Qd6 9. Qa4 Nd7 10. Nxc6 bxc6 11. Bxc6 Rd8 12. e4 Bg6 13. a3 f6 14. 0-0 Kf7 15. Bxd7 Rxd7 16. Be3 c6 17. f4 Be7 18. Rad1 Qc7 19. d5 cxd5 20. exd5 exd5 21. Nxd5 Qb7 22. Qc4 Rc8 23. Nc7+ 1-0